| 000 | 00668nam a2200181Ia 4500 | ||
|---|---|---|---|
| 008 | 151018s9999 xx 000 0 und d | ||
| 082 |
_bRBASDV1504 _a891.430 7 |
||
| 100 | _aबा ल साठे | ||
| 245 | _aहिंदुस्थानी भाषा परिचय भाग २ | ||
| 250 | _b1 | ||
| 260 |
_bसाठे व केळुसकर _c1941 |
||
| 300 | _a64 | ||
| 600 | _aबा ल साठे | ||
| 630 | _aहिंदुस्थानी भाषा परिचय भाग २ | ||
| 700 | _aबा ल साठे | ||
| 730 | _aहिंदुस्थानी भाषा परिचय भाग २ | ||
| 942 | _cBOOK | ||
| 999 |
_c1003933 _d1003930 |
||